जन्मलेल्या प्रत्येकाला (Record no. 310964)

MARC details
000 -LEADER
fixed length control field 00617nam a2200169Ia 4500
008 - FIXED-LENGTH DATA ELEMENTS--GENERAL INFORMATION
fixed length control field 090711s9999 xx 000 0 und d
082 ## - DEWEY DECIMAL CLASSIFICATION NUMBER
Item number 67728
100 ## - MAIN ENTRY--PERSONAL NAME
Personal name तेंडुलकर प्रिया
245 ## - TITLE STATEMENT
Title जन्मलेल्या प्रत्येकाला
260 ## - PUBLICATION, DISTRIBUTION, ETC. (IMPRINT)
Date of publication, distribution, etc 1991
300 ## - PHYSICAL DESCRIPTION
Extent 172
600 ## - SUBJECT ADDED ENTRY--PERSONAL NAME
Personal name तेंडुलकर प्रिया
630 ## - SUBJECT ADDED ENTRY--UNIFORM TITLE
Uniform title जन्मलेल्या प्रत्येकाला
700 ## - ADDED ENTRY--PERSONAL NAME
Personal name तेंडुलकर प्रिया
730 ## - ADDED ENTRY--UNIFORM TITLE
Uniform title जन्मलेल्या प्रत्येकाला
942 ## - ADDED ENTRY ELEMENTS (KOHA)
Koha item type Book
Holdings
Withdrawn status Lost status Damaged status Not for loan Home library Current library Date acquired Cost, normal purchase price Total Checkouts Full call number Barcode Date last seen Cost, replacement price Price effective from Koha item type
        Dadar Sarvajanik Vachanalaya, Dardar Dadar Sarvajanik Vachanalaya, Dardar 07/11/2009 65.00   67728 DASAVA-67728 07/11/2009 65.00 07/11/2009 Book